[Event "POL-chT 60th"]
[Site "Dzwirzyno"]
[Date "2004.09.11"]
[Round "8"]
[White "Kuzmicz, Krystian"]
[Black "Galkiewicz, Dariusz"]
[Result "1-0"]
[WhiteElo "2385"]
[BlackElo "2225"]
[PlyCount "60"]
[EventDate "2004.09.04"]
[EventType "team-tourn"]
[EventRounds "9"]
[EventCountry "POL"]
[SourceTitle "EXT 2019"]
[Source "ChessBase"]
[SourceDate "2018.10.10"]
[SourceVersion "1"]
[SourceVersionDate "2018.10.10"]
[SourceQuality "1"]
[WhiteTeam "Warszawa Damis"]
[BlackTeam "Suwalki Hancza"]
[WhiteTeamCountry "POL"]
[BlackTeamCountry "POL"]

1. e4 c5 2. d3 Nc6 3. g3 g6 4. Bg2 Bg7 5. f4 d6 6. Nf3 e5 7. 0-0 Nge7 8. c3 0-0 9. Na3 b6 10. f5 gxf5 11. Nh4 f4 12. gxf4 exf4 13. Bxf4 Ne5 14. d4 Bg4 15. Qd2 cxd4 16. cxd4 N5g6 17. Bg3 Rc8 18. Nf5 Nxf5 19. exf5 Nh4 20. f6 Bxf6 21. Qf4 Qd7 22. Qxf6 Nxg2 23. Bxd6 Rc6 24. Qg5+ Kh8 25. Be5+ f6 26. Rxf6 Rcxf6 27. Bxf6+ Rxf6 28. Qxf6+ Kg8 29. Kxg2 Qd5+ 30. Kf2 Qe4 1-0

[Event "Augustow op"]
[Site "Augustow"]
[Date "2004.??.??"]
[Round "8"]
[White "Witek, Tomasz"]
[Black "Galkiewicz, Dariusz"]
[Result "1/2-1/2"]
[WhiteElo "1982"]
[BlackElo "2225"]
[PlyCount "56"]
[EventDate "2004.08.??"]
[EventType "swiss"]
[EventRounds "9"]
[EventCountry "POL"]
[SourceTitle "EXT 2008"]
[Source "ChessBase"]
[SourceDate "2007.11.25"]
[SourceVersion "1"]
[SourceVersionDate "2007.11.25"]
[SourceQuality "1"]

1. e4 c5 2. Nf3 d6 3. d4 cxd4 4. Nxd4 Nf6 5. Nc3 a6 6. Be3 Ng4 7. Bc4 Nxe3 8. fxe3 e6 9. 0-0 Be7 10. Qh5 g6 11. Qh6 Bf8 12. Qf4 Qe7 13. e5 d5 14. Bxd5 Bg7 15. Bb3 Nd7 16. Nf3 0-0 17. Ne4 b5 18. Rad1 Ra7 19. Rxd7 Rxd7 20. Nf6+ Kh8 21. Nxd7 Bxd7 22. Ng5 f6 23. exf6 Bxf6 24. c3 Bg7 25. Nf7+ Kg8 26. Nh6+ Kh8 27. Nf7+ Kg8 28. Nh6+ Kh8 1/2-1/2

[Event "Golden Rook op"]
[Site "Chotowa"]
[Date "2003.05.08"]
[Round "3"]
[White "Seifert, Henryk"]
[Black "Galkiewicz, Dariusz"]
[Result "1-0"]
[WhiteElo "2282"]
[BlackElo "2224"]
[PlyCount "73"]
[EventDate "2003.05.??"]
[EventType "swiss"]
[EventRounds "9"]
[EventCountry "POL"]
[SourceTitle "EXT 2005"]
[Source "ChessBase"]
[SourceDate "2004.11.15"]
[SourceVersion "1"]
[SourceVersionDate "2004.11.15"]
[SourceQuality "1"]

1. b4 e5 2. Bb2 Bxb4 3. Bxe5 Nf6 4. Nf3 0-0 5. e3 Re8 6. Be2 Nc6 7. Bb2 d5 8. 0-0 Bf8 9. d4 h6 10. c4 Bf5 11. Nc3 dxc4 12. Bxc4 Na5 13. Be2 c6 14. a4 Qb6 15. Ba3 Bxa3 16. Rxa3 Rad8 17. Qc1 Nd7 18. Rd1 Qb4 19. Na2 Qb6 20. Nc3 Qb4 21. Ra2 Nb6 22. Qa3 Qxa3 23. Rxa3 Nd5 24. Nxd5 Rxd5 25. Re1 Be6 26. Nd2 Rdd8 27. Rc3 Kf8 28. Bf3 Bd5 29. Be2 Re7 30. g3 g6 31. Kf1 f5 32. Bf3 Kf7 33. Rc5 Bxf3 34. Rxa5 b6 35. Nxf3 bxa5 36. Ne5+ Kf6 37. Nxc6 1-0

[Event "Golden Rook op"]
[Site "Chotowa"]
[Date "2003.05.07"]
[Round "2"]
[White "Galkiewicz, Dariusz"]
[Black "Kasperek, Ryszard"]
[Result "1-0"]
[WhiteElo "2224"]
[BlackElo "2264"]
[PlyCount "40"]
[EventDate "2003.05.??"]
[EventType "swiss"]
[EventRounds "9"]
[EventCountry "POL"]
[SourceTitle "EXT 2005"]
[Source "ChessBase"]
[SourceDate "2004.11.15"]
[SourceVersion "1"]
[SourceVersionDate "2004.11.15"]
[SourceQuality "1"]

1. d4 Nf6 2. c4 e6 3. Nc3 Bb4 4. Qc2 c5 5. dxc5 0-0 6. Nf3 Na6 7. g3 Nxc5 8. Bg2 Nce4 9. Bd2 Nxd2 10. Nxd2 d5 11. cxd5 exd5 12. 0-0 Bg4 13. Qd3 Bxc3 14. bxc3 Rc8 15. Rfb1 b6 16. a4 Re8 17. e3 Qd7 18. Rb4 Bh3 19. Bf3 Rc7 20. a5 b5 1-0

[Event "POL-ch sf U20"]
[Site "Ostrow Wielkopolski"]
[Date "1996.??.??"]
[Round "1"]
[White "Bloch, Michael"]
[Black "Galkiewicz, Dariusz"]
[Result "0-1"]
[WhiteElo "1800"]
[BlackElo "2115"]
[PlyCount "62"]
[EventDate "1996.??.??"]
[EventType "swiss"]
[EventRounds "9"]
[EventCountry "POL"]
[SourceTitle "EXT 2006"]
[Source "ChessBase"]
[SourceDate "2005.11.24"]
[SourceVersion "1"]
[SourceVersionDate "2005.11.24"]
[SourceQuality "1"]

1. e4 c5 2. c3 d5 3. exd5 Qxd5 4. d4 Nf6 5. Nf3 Bg4 6. Be2 e6 7. 0-0 Nc6 8. Be3 cxd4 9. Nxd4 Bxe2 10. Qxe2 Be7 11. Nb5 Qe5 12. f4 Qb8 13. Nd2 0-0 14. Nd4 Nd5 15. Nxc6 bxc6 16. Nb3 Bd6 17. g3 Nxe3 18. Qxe3 a5 19. Rab1 Rd8 20. Rfd1 a4 21. Nd2 Qb5 22. Ne4 Bc7 23. Qf3 Rxd1+ 24. Qxd1 Rd8 25. Qf1 Bb6+ 26. Kg2 Qd5 27. Qf3 Qxa2 28. Rd1 a3 29. Rxd8+ Bxd8 30. Qd3 Be7 31. Qd7 axb2 0-1

[Event "POL-chT2 U18"]
[Site "Augustow"]
[Date "1996.??.??"]
[Round "?"]
[White "Cipa, Michal"]
[Black "Galkiewicz, Dariusz"]
[Result "0-1"]
[WhiteElo "1930"]
[BlackElo "2025"]
[PlyCount "124"]
[EventDate "1996.??.??"]
[EventType "team"]
[EventRounds "10"]
[EventCountry "POL"]
[SourceTitle "EXT 2003"]
[Source "ChessBase"]
[SourceDate "2002.11.25"]
[SourceVersion "1"]
[SourceVersionDate "2002.11.25"]
[SourceQuality "1"]

1. e4 c5 2. Nf3 d6 3. d4 cxd4 4. Nxd4 Nf6 5. Nc3 a6 6. Bg5 e6 7. Qd2 Be7 8. Bd3 Nbd7 9. f4 Qc7 10. h4 b5 11. h5 h6 12. Bh4 Bb7 13. Qe2 b4 14. Nd1 Nc5 15. Nf2 Qa5 16. Nb3 Nxb3 17. cxb3 Nxh5 18. Qg4 Nxf4 19. Qxf4 g5 20. Bxg5 Qxg5 21. Qxg5 Bxg5 22. Ng4 Ke7 23. 0-0 h5 24. Nh2 Rac8 25. Nf3 Be3+ 26. Kh1 h4 27. Rae1 Bf4 28. Nd4 Be5 29. Nf3 h3 30. Nxe5 dxe5 31. g3 Rcd8 32. Rf3 Rd6 33. Kh2 Rhd8 34. Bc4 Bxe4 35. Rfe3 f5 36. a4 R6d7 37. R1e2 Rd1 38. Rxe4 fxe4 39. Rxe4 Rh8 40. Rxe5 Rd2+ 41. Kh1 Rh6 42. Bxa6 h2 43. Re1 Kd6 44. Bc4 e5 45. a5 e4 46. a6 Rh7 47. g4 Ke5 48. g5 Kf5 49. Ra1 Re7 50. Ra5+ Kg6 51. Rd5 Rxd5 52. Bxd5 Ra7 53. Bxe4+ Kxg5 54. Kxh2 Kf4 55. Bd5 Rxa6 56. Bf7 Ra7 57. Be6 Ke3 58. Bd5 Kd2 59. Be6 Kc2 60. Bd5 Kxb2 61. Bc4 Re7 62. Kg2 Re3 0-1

[Event "POL-chT2 U18"]
[Site "Augustow"]
[Date "1996.??.??"]
[Round "?"]
[White "Galkiewicz, Dariusz"]
[Black "Kobylecki, Grzegorz"]
[Result "1-0"]
[WhiteElo "2115"]
[BlackElo "1800"]
[PlyCount "81"]
[EventDate "1996.??.??"]
[EventType "team"]
[EventRounds "10"]
[EventCountry "POL"]
[SourceTitle "EXT 2003"]
[Source "ChessBase"]
[SourceDate "2002.11.25"]
[SourceVersion "1"]
[SourceVersionDate "2002.11.25"]
[SourceQuality "1"]

1. d4 Nf6 2. c4 e5 3. dxe5 Ng4 4. Bf4 Nc6 5. Nf3 Bc5 6. e3 f6 7. Qd5 Nb4 8. Qe4 0-0 9. Na3 Qe7 10. Be2 d6 11. e6 Qxe6 12. Qxe6+ Bxe6 13. 0-0 Ne5 14. Nb5 Rac8 15. b3 Ng6 16. Bg3 f5 17. a3 Nc6 18. b4 Bb6 19. Ng5 Bd7 20. c5 dxc5 21. bxc5 Bxc5 22. Bc4+ Kh8 23. Nf7+ Rxf7 24. Bxf7 Nce5 25. Bxg6 Nxg6 26. Nc3 c6 27. Rfd1 Be6 28. Bd6 Bxd6 29. Rxd6 Bg8 30. Rd7 b5 31. Rxa7 Ne5 32. Rd1 Nc4 33. h4 Nb6 34. Rd6 Nd5 35. Nxd5 Bxd5 36. Rdd7 Rg8 37. h5 h6 38. f3 Bb3 39. Rdc7 Bd5 40. Kf2 Kh7 41. Kg3 1-0

[Event "Augustow op-A"]
[Site "Augustow"]
[Date "1996.??.??"]
[Round "?"]
[White "Galkiewicz, Dariusz"]
[Black "Ostrowski, Leszek"]
[Result "1-0"]
[WhiteElo "2115"]
[BlackElo "2355"]
[PlyCount "63"]
[EventDate "1996.??.??"]
[EventType "swiss"]
[EventRounds "9"]
[EventCountry "POL"]
[SourceTitle "EXT 2003"]
[Source "ChessBase"]
[SourceDate "2002.11.25"]
[SourceVersion "1"]
[SourceVersionDate "2002.11.25"]
[SourceQuality "1"]

1. d4 Nf6 2. c4 d6 3. Nc3 e5 4. e4 exd4 5. Qxd4 Nc6 6. Qd2 g6 7. b3 Bg7 8. Bb2 0-0 9. f3 a5 10. Nge2 Be6 11. Ng3 h5 12. Be2 h4 13. Nf1 Ne5 14. Qg5 Nh5 15. Qxd8 Rfxd8 16. Ne3 Nf4 17. Rd1 c6 18. g3 Nxe2 19. Kxe2 a4 20. Rd2 axb3 21. axb3 Nd7 22. Rxd6 Be5 23. Rd2 Nc5 24. Rxd8+ Rxd8 25. b4 Nb3 26. Rd1 Nd4+ 27. Kf2 hxg3+ 28. hxg3 Kg7 29. Ne2 c5 30. bxc5 Rh8 31. Bxd4 Rh2+ 32. Ke1 1-0

[Event "POL-ch sf U20"]
[Site "Ostrow Wielkopolski"]
[Date "1996.??.??"]
[Round "2"]
[White "Galkiewicz, Dariusz"]
[Black "Warszawski, Bartosz"]
[Result "0-1"]
[WhiteElo "2115"]
[BlackElo "2220"]
[PlyCount "106"]
[EventDate "1996.??.??"]
[EventType "swiss"]
[EventRounds "9"]
[EventCountry "POL"]
[SourceTitle "EXT 2006"]
[Source "ChessBase"]
[SourceDate "2005.11.24"]
[SourceVersion "1"]
[SourceVersionDate "2005.11.24"]
[SourceQuality "1"]

1. d4 d5 2. c4 e6 3. Nc3 c5 4. cxd5 exd5 5. g3 Nc6 6. Nf3 Nf6 7. Bg2 Be7 8. 0-0 0-0 9. Bg5 cxd4 10. Nxd4 h6 11. Bf4 Be6 12. Nxe6 fxe6 13. Qb3 Na5 14. Qa4 Rc8 15. Bh3 Kf7 16. e4 Rc4 17. Qd1 dxe4 18. Qe2 Qd3 19. Qxd3 exd3 20. Rfe1 Rc6 21. Bg2 Ra6 22. Rad1 Rd8 23. Bf1 Nc4 24. Rxd3 Rxd3 25. Bxd3 Rc6 26. Bxc4 Rxc4 27. Nb5 Rb4 28. Nxa7 Rxb2 29. Nc8 Ng4 30. Nd6+ Bxd6 31. Bxd6 Rxa2 32. Re4 Rd2 33. Rf4+ Nf6 34. Be5 Rd5 35. Bxf6 gxf6 36. Kg2 b5 37. Rb4 Ke7 38. f4 Kd6 39. Kf3 Kc5 40. Rb1 b4 41. g4 Rd3+ 42. Ke4 Rd4+ 43. Ke3 e5 44. fxe5 fxe5 45. Rg1 b3 46. h4 b2 47. g5 Rb4 48. Rb1 Kc4 49. Ke4 Kc3+ 50. Kxe5 Rxh4 51. g6 Rg4 52. Kf5 Rg2 53. Rh1 Kc2 0-1

[Event "Augustow op-A"]
[Site "Augustow"]
[Date "1996.??.??"]
[Round "?"]
[White "Ostrowski, Andrzej"]
[Black "Galkiewicz, Dariusz"]
[Result "1-0"]
[WhiteElo "2265"]
[BlackElo "2115"]
[PlyCount "91"]
[EventDate "1996.??.??"]
[EventType "swiss"]
[EventRounds "9"]
[EventCountry "POL"]
[SourceTitle "EXT 2003"]
[Source "ChessBase"]
[SourceDate "2002.11.25"]
[SourceVersion "1"]
[SourceVersionDate "2002.11.25"]
[SourceQuality "1"]

1. d4 Nf6 2. c4 e6 3. Nc3 Bb4 4. f3 d5 5. a3 Bxc3+ 6. bxc3 c5 7. cxd5 Nxd5 8. dxc5 Qa5 9. e4 Ne7 10. Be3 0-0 11. Qb3 Nec6 12. Bb5 Bd7 13. Ne2 Ne5 14. Bxd7 Nbxd7 15. 0-0 Rfc8 16. c6 bxc6 17. Rfd1 Rab8 18. Qa2 Nc5 19. Bd4 Ned7 20. Rab1 Qa4 21. Qd2 h6 22. Ng3 Rxb1 23. Rxb1 Qxa3 24. Nh5 e5 25. Be3 Nb6 26. Bxh6 Ne6 27. Bxg7 Nf4 28. Bxe5 Qc5+ 29. Bd4 Nh3+ 30. gxh3 Qxh5 31. Qg2+ Qg6 32. Qxg6+ fxg6 33. Bxb6 Rb8 34. Rd1 Rxb6 35. Rd8+ Kf7 36. Rd7+ Kf6 37. Rxa7 Rb3 38. Kf2 Rxc3 39. Kg3 Rc1 40. h4 c5 41. Kf4 Rh1 42. e5+ Ke6 43. Ra6+ Kf7 44. h5 gxh5 45. Kf5 c4 46. Ra7+ 1-0

[Event "Augustow op-A"]
[Site "Augustow"]
[Date "1996.??.??"]
[Round "?"]
[White "Slapikas, Vytautas"]
[Black "Galkiewicz, Dariusz"]
[Result "1/2-1/2"]
[WhiteElo "2385"]
[BlackElo "2115"]
[PlyCount "62"]
[EventDate "1996.??.??"]
[EventType "swiss"]
[EventRounds "9"]
[EventCountry "POL"]
[SourceTitle "EXT 2003"]
[Source "ChessBase"]
[SourceDate "2002.11.25"]
[SourceVersion "1"]
[SourceVersionDate "2002.11.25"]
[SourceQuality "1"]

1. e4 c5 2. c3 d5 3. exd5 Qxd5 4. d4 Nf6 5. Nf3 Bg4 6. Nbd2 e6 7. Qa4+ Nbd7 8. Bc4 Qd6 9. 0-0 Be7 10. dxc5 Qxc5 11. Bb5 Qc7 12. h3 Bh5 13. Ne4 0-0 14. Nxf6+ Nxf6 15. Be2 Nd5 16. Bd2 Bd6 17. Rad1 Bf4 18. Nd4 Bxe2 19. Nxe2 Be5 20. Rfe1 Rac8 21. Qe4 Nf6 22. Qf3 Qc4 23. Nc1 Qc7 24. Nd3 Bd6 25. Bf4 Bxf4 26. Qxf4 Qa5 27. a3 Rfd8 28. Nb4 Qa4 29. Qf3 a5 30. Nd3 Qb5 31. Qe2 Rd5 1/2-1/2

[Event "Augustow op-A"]
[Site "Augustow"]
[Date "1996.??.??"]
[Round "?"]
[White "Slekys, Emilis P"]
[Black "Galkiewicz, Dariusz"]
[Result "1/2-1/2"]
[WhiteElo "2360"]
[BlackElo "2115"]
[PlyCount "102"]
[EventDate "1996.??.??"]
[EventType "swiss"]
[EventRounds "9"]
[EventCountry "POL"]
[SourceTitle "EXT 2003"]
[Source "ChessBase"]
[SourceDate "2002.11.25"]
[SourceVersion "1"]
[SourceVersionDate "2002.11.25"]
[SourceQuality "1"]

1. c4 e5 2. Nc3 Nf6 3. g3 Bb4 4. Bg2 0-0 5. Nf3 Nc6 6. 0-0 Re8 7. Nd5 Bc5 8. d3 h6 9. e3 a5 10. d4 exd4 11. exd4 Ba7 12. Nc3 d6 13. Nb5 Bf5 14. Nxa7 Rxa7 15. b3 a4 16. d5 Ne5 17. Nxe5 Rxe5 18. Bb2 Re8 19. Qd4 Ra8 20. Rfe1 axb3 21. axb3 Bg6 22. h3 Rxa1 23. Rxa1 Be4 24. f3 Bg6 25. g4 Qe7 26. b4 Qe2 27. Bc3 b5 28. cxb5 Qxb5 29. f4 Be4 30. Bf1 Qxd5 31. b5 Qxd4+ 32. Bxd4 Nd5 33. f5 h5 34. Kh2 hxg4 35. hxg4 Bf3 36. g5 Ne3 37. Bd3 Be2 38. Bxe2 Nxf5 39. Bc4 Nxd4 40. g6 Nf3+ 41. Kg3 Ne5 42. gxf7+ Nxf7 43. Ra7 Kf8 44. Bxf7 Kxf7 45. Rxc7+ Kf6 46. Rd7 Ke6 47. Rxg7 Kd5 48. b6 Kc6 49. b7 d5 50. Kf3 d4 51. b8B Rxb8 1/2-1/2